|
|
|
|
| LEADER |
00000cam a2200000 7i4500 |
| 001 |
0000003640 |
| 005 |
20080124.0 |
| 020 |
0 |
0 |
|a 8171323758
|
| 090 |
0 |
0 |
|a 341.75
|b SIN
|
| 100 |
1 |
0 |
|a Sinha, Rajiv K.
|
| 245 |
1 |
0 |
|a Green technologies for environmental management and sustainable development :
|b (giving better quality of life to people at lower environmental cost)
|c Rajiv K. Sinha, Margaret Greenway.
|
| 260 |
0 |
0 |
|a Jaipur, India :
|b Pointer Pub. ,
|c 2004
|
| 300 |
|
|
|a xxi, 432 p. :
|b ill. ;
|c 26 cm.
|
| 650 |
0 |
0 |
|a Conservation of natural resources
|
| 650 |
0 |
0 |
|a Green technology
|
| 650 |
0 |
0 |
|a Sustainable agriculture
|
| 650 |
0 |
0 |
|a Sustainable development
|
| 700 |
1 |
1 |
|a Greenway, Margaret
|
| 999 |
|
|
|a 0000007276
|b Monograph
|c Open Shelf
|e Default branch
|